| 000 -LEADER |
| fixed length control field |
01322cam a2200193 i 4500 |
| 020 ## - INTERNATIONAL STANDARD BOOK NUMBER |
| ISBN |
041573634X (paperback) |
| 082 00 - DEWEY DECIMAL CLASSIFICATION NUMBER |
| Classification number |
306.094 1 |
| Item number |
ADA/A |
| 100 1# - MAIN ENTRY--AUTHOR NAME |
| Personal name |
Adam Kuper |
| 245 10 - TITLE STATEMENT |
| Title |
Anthropology and anthropologists: |
| Sub Title |
the British school in the twentieth century/ |
| Statement of responsibility, etc |
by Adam Kuper |
| 250 ## - EDITION STATEMENT |
| Edition statement |
Fourth edition. |
| 260 ## - PUBLICATION, DISTRIBUTION, ETC. (IMPRINT) |
| Place of publication |
|
| Name of publisher |
|
| Year of publication |
|
| 300 ## - PHYSICAL DESCRIPTION |
| Number of Pages |
xvi, 152 pages : |
| Other physical details |
illustrations ; |
| 520 ## - SUMMARY, ETC. |
| Summary, etc |
"Anthropology and Anthropologists provides an entertaining and provocative account of British social anthropology from the foundations of the discipline, through the glory years of the mid-twentieth century and on to the transformation in recent decades. The book shocked the anthropological establishment on first publication in 1973 but soon established itself as one of the introductions for students of anthropology. Forty years later, this now classic work has been radically revised. Adam Kuper situates the leading actors in their historical and institutional context, probes their rivalries, revisits their debates, and reviews their key ethnographies. Drawing on recent scholarship he shows how the discipline was shaped by the colonial setting and by developments in the social sciences"-- |
| 650 #0 - SUBJECT ADDED ENTRY--TOPICAL TERM |
| Topical Term |
Ethnologists |
| 650 #0 - SUBJECT ADDED ENTRY--TOPICAL TERM |
| Topical Term |
Ethnology |
| 650 #0 - SUBJECT ADDED ENTRY--TOPICAL TERM |
| Topical Term |
Anthropology |
| 650 #0 - SUBJECT ADDED ENTRY--TOPICAL TERM |
| Topical Term |
Social Sciences |
| 942 ## - ADDED ENTRY ELEMENTS (KOHA) |
| Koha item type |
Book |